Bordering Countries by Country Shape #18 - Statistics

General Stats
  • This quiz has been taken 51 times
  • The average score is 8 of 8
Answer Stats
Country % Correct
Bosnia and Herzegovina
100%
Hungary
100%
Bulgaria
98%
Croatia
98%
Montenegro
96%
Romania
96%
Albania
94%
Macedonia
92%
No matching quizzes found
Score Distribution
Percent of People with Each Score
Percentile by Number Answered
Your Score History
You have not taken this quiz